000 00508nam a2200181 i 4500
001 49879
003 ES-MaACL
005 20250407063103.0
007 t|
008 030724s1965 xxu |||| | eng d
080 _a821.111(73)-32"18"
100 1 _aCrane, Stephen,
_d1871-1900
_941444
245 1 0 _aGreat short works of Stephen Crane /
_cStephen Crane.
260 _aNew York :
_bHarper and Row,
_c[1965]
300 _a217 p. ;
_c18 cm.
852 _aES-MaACL
_jC-37063
999 _c49879
_d49879